| 000 | 00947nam a2200313 a 4500 | ||
|---|---|---|---|
| 008 | |||
| 020 | _a1416023895 (pbk.) | ||
| 049 | _aMAIN | ||
| 090 |
_aQR185.5 _bABB |
||
| 100 | 1 | _aAbbas, Abul K. | |
| 245 | 1 | 0 |
_aCellular and molecular immunology / _cAbul K. Abbas and Andrew H Lichtmand. |
| 250 | _a5th ed. | ||
| 260 |
_aPhiladelphia : _bElsvier Saunders, _c2005. |
||
| 300 |
_aviii, 564 p. : _bill. (some col.) ; _c28 cm. |
||
| 500 | _aIncludes bibliographical references. | ||
| 500 | _aIncludes index. | ||
| 650 | 0 | _aCellular immunity. | |
| 650 | 0 | _aMolecular immunology. | |
| 650 | 1 | 2 | _aImmunity, Cellular. |
| 650 | 2 | 2 |
_aAntigens _ximmunology. |
| 650 | 2 | 2 |
_aLymphocytes _ximmunology. |
| 700 | 1 | _aLichtman, Andrew H. | |
| 700 | 1 | _aPober, Jordan S. | |
| 907 |
_a.b10296931 _b11-12-12 _c23-05-11 |
||
| 003 | |||
| 005 | 20230123125510.0 | ||
| 040 | _cNUST | ||
| 942 |
_cBOOKS _kQR185.5 _mABB |
||
| 999 |
_c142595 _d142595 |
||